| 000 | 00893 a2200157 4500 | ||
|---|---|---|---|
| 003 | Nust | ||
| 005 | 20221014120857.0 | ||
| 040 | _cNust | ||
| 082 | _a604.2,JOH | ||
| 100 |
_aDavid E. Johnson, Johnny R. Johnson _9100321 |
||
| 245 |
_aGraph Theory With Engineering Application / _cDavid E. Johnson, Johnny R. Johnson |
||
| 260 |
_aNew york _bThe Ronald Press Company _c1972 |
||
| 300 | _a392p; | ||
| 505 | _aFundamentals Concepts (Page-3), Planar and Dual Graphs (Page-37) ,Algebraic Representation of Graphs (Page-57),Circs (Page-77), SEGS (Page-101), System Theory and Oriented Graphs (Page-120), Examples of Systems (Page-157), Electric Networks- Loops and Node Methods (Page-176), Elements of Matrix Theory (Page-210),Transform Methods (Page-222), State Variable Methods (Page-252), Signal Flow Graphs(Page-277), Flow Graphs (Page-309), Other Applications (Page-325). | ||
| 942 |
_2ddc _cBK |
||
| 999 |
_c193501 _d193501 |
||